System Identification and Control Design using P.I.M.+ software : +DISKETA /

Salvato in:
Dettagli Bibliografici
Autore principale: Landau, Ioan Doré (Autore)
Natura: Libro
Lingua:inglese
Pubblicazione: Englewood Cliffs : Prentice Hall, 1990
Tags: Aggiungi Tag
Nessun Tag, puoi essere il primo ad aggiungerne!!

MARC

LEADER 00000nam a22000003a 4500
001 stu23460
005 20150617225747.2
008 950720s1990----xxu-----------------eng-d
020 |a 0-13-880782-5 
040 |a STU  |b slo 
041 0 |a eng 
044 |a xxu 
080 |a 66.012-52  |7 stu_us_auth*stu8283 
100 1 |a Landau, Ioan Doré  |4 aut 
245 1 |a System Identification and Control Design using P.I.M.+ software :  |b +DISKETA /  |c [aut.]Landau,Ioan Doré 
260 |a Englewood Cliffs :  |b Prentice Hall,  |c 1990 
300 |a 253 s :  |b Tab.,grafy,lit.,index 
996 |b C93750  |c C*93750  |l CCXVI  |s P  |a 0  |w stu23460_0001